[Event "SVM_Verbandsliga_Süd_2023-24"]
[Site "?"]
[Date "2023.11.05"]
[Round "3.2"]
[White "Liehs, Konstantin"]
[Black "Simons, Peter"]
[Result "0-1"]
[WhiteElo "1814"]
[BlackElo "2042"]
[PlyCount "78"]
[EventDate "2023.11.05"]
[WhiteTeam "Brühler SK 2"]
[BlackTeam "Rheinbacher SF 1"]

1. d4 Nf6 2. c4 e6 3. Nf3 Bb4+ 4. Bd2 Qe7 5. Nc3 O-O 6. Qc2 d6 7. e4 e5 8. d5
Nbd7 9. Nb1 Bc5 10. b4 Bb6 11. Bd3 a5 12. O-O axb4 13. Bxb4 Nh5 14. Nc3 Nf4 15.
Ne2 Qf6 16. a4 Nh3+ 17. gxh3 Qxf3 18. Ng3 Nc5 19. Be2 Qf4 20. Bd2 Qh4 21. a5
Ba7 22. Nf5 Qxe4 23. Qxe4 Nxe4 24. Ne7+ Kh8 25. Nxc8 Nxd2 26. Rfd1 Ne4 27. Nxa7
Rxa7 28. Rd3 Rfa8 29. Rda3 Nc5 30. Bg4 g6 31. h4 Kg7 32. h5 f5 33. Bh3 b6 34.
Rg3 Ne4 35. Rga3 Rxa5 36. Rxa5 Rxa5 37. Rxa5 bxa5 38. hxg6 hxg6 39. c5 a4 0-1

[Event "SVM_Verbandsliga_Süd_2023-24"]
[Site "?"]
[Date "2023.11.05"]
[Round "3.3"]
[White "Mielke, Christian"]
[Black "Schlicht, Markus"]
[Result "1-0"]
[WhiteElo "2083"]
[BlackElo "1922"]
[PlyCount "61"]
[EventDate "2023.11.05"]
[WhiteTeam "Rheinbacher SF 1"]
[BlackTeam "Brühler SK 2"]

1. d4 Nf6 2. c4 g6 3. Nc3 Bg7 4. Bg5 O-O 5. e3 d6 6. Be2 c6 7. Nf3 Nbd7 8. O-O
Re8 9. h3 Qc7 10. Bf4 Nf8 11. Bh2 Qa5 12. a3 a6 13. b4 Qd8 14. a4 N6d7 15. Qb3
a5 16. b5 c5 17. Rad1 b6 18. Rfe1 Bb7 19. d5 Qc7 20. Bf1 Ne5 21. Nd2 Rad8 22.
e4 e6 23. f4 Ned7 24. Bd3 exd5 25. Nxd5 Bxd5 26. cxd5 Re7 27. Nc4 Bd4+ 28. Kh1
f6 29. e5 fxe5 30. fxe5 Rde8 31. e6 1-0

[Event "SVM_Verbandsliga_Süd_2023-24"]
[Site "?"]
[Date "2023.11.05"]
[Round "3.4"]
[White "Raabe, Joachim"]
[Black "Schmitz, Uwe"]
[Result "0-1"]
[WhiteElo "1746"]
[BlackElo "1918"]
[PlyCount "72"]
[EventDate "2023.11.05"]
[WhiteTeam "Brühler SK 2"]
[BlackTeam "Rheinbacher SF 1"]

1. g4 d6 2. Bg2 Nc6 3. h3 e5 4. d3 h5 5. g5 h4 6. c3 Nge7 7. e4 Ng6 8. b4 Be7
9. Nf3 Nf4 10. Bxf4 exf4 11. b5 Ne5 12. d4 Ng6 13. Qe2 Bxg5 14. Nbd2 O-O 15.
Rg1 Bf6 16. Nh2 a6 17. Ng4 axb5 18. Nxf6+ Qxf6 19. Qxb5 c6 20. Qb2 f3 21. Bxf3
Nf4 22. Qc2 Nxh3 23. Rh1 Nf4 24. O-O-O Be6 25. c4 Qxd4 26. Nb3 Qxc4 27. Qxc4
Bxc4 28. Kb2 h3 29. Rxd6 Rfd8 30. e5 Nd3+ 31. Kc3 Nxe5 32. Rxd8+ Rxd8 33. Be4
Be6 34. f4 Ng4 35. Rxh3 Nf2 36. Re3 Nd1+ 0-1

[Event "SVM_Verbandsliga_Süd_2023-24"]
[Site "?"]
[Date "2023.11.05"]
[Round "3.5"]
[White "Hemmann, Clemens"]
[Black "Kart, Boris"]
[Result "0-1"]
[WhiteElo "1828"]
[BlackElo "1799"]
[PlyCount "58"]
[EventDate "2023.11.05"]
[WhiteTeam "Rheinbacher SF 1"]
[BlackTeam "Brühler SK 2"]

1. c4 e5 2. g3 Nf6 3. Bg2 Bc5 4. Nc3 d6 5. e3 Nc6 6. Nge2 a6 7. O-O O-O 8. d4
exd4 9. exd4 Ba7 10. h3 h6 11. Be3 Ne7 12. Nf4 Rb8 13. Re1 Nf5 14. Qd3 Re8 15.
Nfd5 Nxd5 16. Nxd5 c6 17. Nf4 Bd7 18. Re2 Nxe3 19. Rxe3 Rxe3 20. fxe3 Qg5 21.
Kh2 Re8 22. Re1 Qa5 23. Re2 Bb6 24. b3 Bd8 25. Bf3 g5 26. Ng2 Qf5 27. Qxf5 Bxf5
28. Kg1 Bxh3 29. Kh2 g4 0-1

[Event "SVM_Verbandsliga_Süd_2023-24"]
[Site "?"]
[Date "2023.11.05"]
[Round "3.6"]
[White "Löffler, Friedrich"]
[Black "Klos, Stephan"]
[Result "0-1"]
[WhiteElo "1848"]
[BlackElo "1812"]
[PlyCount "56"]
[EventDate "2023.11.05"]
[WhiteTeam "Brühler SK 2"]
[BlackTeam "Rheinbacher SF 1"]

1. d4 b5 2. e4 a6 3. c4 bxc4 4. Bxc4 e6 5. Nc3 Bb7 6. Nf3 Ne7 7. Bd3 Ng6 8. Be3
Nc6 9. O-O Nb4 10. Bb1 Be7 11. a3 Nc6 12. Bd3 O-O 13. Qc2 d6 14. Rfd1 Qd7 15.
e5 Qe8 16. Bxg6 fxg6 17. Ne4 dxe5 18. dxe5 Rxf3 19. gxf3 Nxe5 20. Qe2 Qf8 21.
Kg2 Qf5 22. Rd4 c5 23. Rd7 Nxd7 24. Ng3 Qf6 25. Bg5 Qxf3+ 26. Qxf3 Bxf3+ 27.
Kxf3 Bxg5 28. Ne4 Be7 0-1

[Event "SVM_Verbandsliga_Süd_2023-24"]
[Site "?"]
[Date "2023.11.05"]
[Round "3.7"]
[White "Jonas, Rainer"]
[Black "Hanrahan, William"]
[Result "1/2-1/2"]
[WhiteElo "1773"]
[BlackElo "1962"]
[PlyCount "127"]
[EventDate "2023.11.05"]
[WhiteTeam "Rheinbacher SF 1"]
[BlackTeam "Brühler SK 2"]

1. d4 Nf6 2. Nf3 g6 3. Nc3 Bg7 4. e4 d6 5. Be3 c6 6. Be2 Qa5 7. O-O O-O 8. Qc1
b5 9. a3 b4 10. axb4 Qxb4 11. Ra4 Qb6 12. Nd2 Nbd7 13. Nc4 Qc7 14. Bh6 Nxe4 15.
Nxe4 d5 16. Bxg7 Kxg7 17. Ng3 dxc4 18. Rxc4 Nf6 19. Re1 Be6 20. Ra4 Rfd8 21.
Bf3 Rab8 22. c3 c5 23. Ne2 Bb3 24. Ra3 Bc4 25. dxc5 Qxc5 26. b4 Qc7 27. Nd4 Rb6
28. Qe3 e6 29. g3 a6 30. Qe5 Qxe5 31. Rxe5 Nd5 32. Bxd5 Bxd5 33. f4 f6 34. Re3
Kf7 35. Ra5 Rc8 36. Kf2 h6 37. g4 Bc4 38. h4 Rd6 39. h5 g5 40. fxg5 hxg5 41.
Rf3 Bd5 42. Re3 Bc4 43. Rf3 Bd5 44. Re3 Rc4 45. b5 Rc5 46. h6 Kg6 47. Rxa6 Rxa6
48. bxa6 e5 49. Nf5 Be6 50. Rd3 Bxf5 51. gxf5+ Kxh6 52. Rd6 Rxc3 53. Rxf6+ Kh5
54. Re6 Ra3 55. f6 Kg6 56. f7+ Kxf7 57. Rxe5 Kf6 58. Rb5 Rxa6 59. Kg3 Ra4 60.
Rb6+ Kf5 61. Rb5+ Kg6 62. Rb6+ Kh5 63. Rb3 Ra5 64. Rc3 1/2-1/2

[Event "SVM_Verbandsliga_Süd_2023-24"]
[Site "?"]
[Date "2023.11.05"]
[Round "3.8"]
[White "Tonnicchi, Marco"]
[Black "Grömping, Franz-Josef"]
[Result "1/2-1/2"]
[WhiteElo "1924"]
[BlackElo "1722"]
[PlyCount "64"]
[EventDate "2023.11.05"]
[WhiteTeam "Brühler SK 2"]
[BlackTeam "Rheinbacher SF 1"]

1. d4 e6 2. Nf3 f5 3. Qd3 Nf6 4. Bg5 Be7 5. Nbd2 b6 6. Bxf6 Bxf6 7. e4 fxe4 8.
Qxe4 d5 9. Qe3 O-O 10. Bd3 Qe7 11. O-O Ba6 12. Rfe1 Bxd3 13. Qxd3 Nd7 14. Re2
Qf7 15. Rae1 Rfe8 16. Nf1 c5 17. c3 Re7 18. Ne3 g6 19. Ng4 Bg7 20. Qd2 Rae8 21.
Nh6+ Bxh6 22. Qxh6 Qg7 23. Qf4 Qf7 24. Qd6 Qf6 25. Ne5 Nxe5 26. Rxe5 cxd4 27.
cxd4 Qf4 28. Qb4 Kf7 29. R1e3 Qg4 30. Rf3+ Kg7 31. h3 Qh4 32. Qd2 Rc8 1/2-1/2

[Event "SVM_Verbandsliga_Süd_2023-24"]
[Site "?"]
[Date "2023.11.05"]
[Round "3.1"]
[White "Kögler, Christof"]
[Black "Akstinat, Sven-Holger"]
[Result "1-0"]
[WhiteElo "2070"]
[BlackElo "1964"]
[PlyCount "111"]
[EventDate "2023.11.05"]
[WhiteTeam "Godesberger SK 3"]
[BlackTeam "SF Lohmar 1"]

1. d4 e6 2. Nf3 Nf6 3. e3 b6 4. Bd3 Bb7 5. Nbd2 d5 6. O-O Be7 7. Ne5 O-O 8. Qf3
Nbd7 9. b3 Nxe5 10. dxe5 Nd7 11. Qh3 g6 12. Bb2 Nc5 13. Be2 Ba6 14. c4 c6 15.
Rfd1 Qc7 16. Rac1 Rfd8 17. Bd4 dxc4 18. Nxc4 Nd7 19. f4 Nf8 20. Bf3 Bb7 21. Nd6
Bxd6 22. exd6 Rxd6 23. Qh6 f5 24. Be5 Rxd1+ 25. Rxd1 Qf7 26. Rd6 c5 27. Bxb7
Qxb7 28. Qh4 Qf7 29. Rc6 Nd7 30. Bc3 Kf8 31. Rc7 Ke8 32. Be5 Qe7 33. Qh3 a5 34.
Qf3 Rd8 35. Qc6 Kf7 36. Bd6 Qe8 37. Qxb6 Kg8 38. Qxa5 e5 39. Qc3 Qe6 40. fxe5
Re8 41. Bxc5 Nxe5 42. Bd4 Nf7 43. Qc6 Qxc6 44. Rxc6 Ng5 45. a4 Ne6 46. Bb6 f4
47. a5 Kf7 48. a6 Ke7 49. a7 Kd7 50. Rc4 fxe3 51. Bxe3 Nc7 52. Kf2 Na8 53. b4
Re6 54. b5 Re8 55. b6 Rxe3 56. b7 1-0

[Event "SVM_Verbandsliga_Süd_2023-24"]
[Site "?"]
[Date "2023.11.05"]
[Round "3.2"]
[White "Langer, Raphael"]
[Black "Wulfken, Christof"]
[Result "1-0"]
[WhiteElo "1951"]
[BlackElo "1905"]
[PlyCount "55"]
[EventDate "2023.11.05"]
[WhiteTeam "SF Lohmar 1"]
[BlackTeam "Godesberger SK 3"]

1. d4 d5 2. c4 e6 3. cxd5 exd5 4. Nc3 Nf6 5. Bg5 Nbd7 6. e3 c6 7. Bd3 Be7 8.
Qc2 h6 9. Bh4 O-O 10. Nge2 Re8 11. O-O Nf8 12. Rab1 Ne4 13. Bxe7 Qxe7 14. b4
Nxc3 15. Nxc3 Be6 16. Na4 Rac8 17. Qc5 Nd7 18. Qxe7 Rxe7 19. Nc5 b6 20. Nxd7
Bxd7 21. Rfc1 g6 22. Rb3 Kf8 23. Rbc3 Rb8 24. a4 c5 25. bxc5 Bxa4 26. Rb1 Rc7
27. Ra3 b5 28. Rxa4 1-0

[Event "SVM_Verbandsliga_Süd_2023-24"]
[Site "?"]
[Date "2023.11.05"]
[Round "3.3"]
[White "Müller, Dominik"]
[Black "Weiler, Wolfgang"]
[Result "0-1"]
[WhiteElo "1899"]
[BlackElo "1919"]
[PlyCount "82"]
[EventDate "2023.11.05"]
[WhiteTeam "Godesberger SK 3"]
[BlackTeam "SF Lohmar 1"]

1. Nf3 g6 2. e4 Bg7 3. d4 c5 4. c3 Qb6 5. Nbd2 cxd4 6. cxd4 Nc6 7. Nc4 Qc7 8.
Be3 d6 9. Rc1 Qd8 10. d5 Nb8 11. Nd4 Nf6 12. f3 O-O 13. Nb5 Bd7 14. Nxa7 b5 15.
Bb6 Qe8 16. Na5 e6 17. dxe6 Qxe6 18. Qb3 d5 19. Bc5 Qa6 20. Bxf8 Qxa5+ 21. Bb4
Qxa7 22. e5 Nh5 23. Bxb5 Na6 24. Bd2 Bxe5 25. Bxd7 Qxd7 26. O-O Rb8 27. Qa3 Nc7
28. Rc2 Nb5 29. Qd3 Nc7 30. Rfc1 Ne6 31. b3 Nhf4 32. Qf1 Nd4 33. Bxf4 Bxf4 34.
Rb2 Bxc1 35. Qxc1 Re8 36. Qd1 Qe6 37. Rd2 Ne2+ 38. Kf1 Nc3 39. Qc1 d4 40. h3
Qe3 41. a4 Ne2 0-1

[Event "SVM_Verbandsliga_Süd_2023-24"]
[Site "?"]
[Date "2023.11.05"]
[Round "3.4"]
[White "Dirschke, Philipp"]
[Black "Schäfer, Timo"]
[Result "1-0"]
[WhiteElo "1851"]
[BlackElo "1890"]
[PlyCount "103"]
[EventDate "2023.11.05"]
[WhiteTeam "SF Lohmar 1"]
[BlackTeam "Godesberger SK 3"]

1. d4 d5 2. Bf4 Nf6 3. e3 e6 4. Nf3 Bd6 5. Bg3 Bxg3 6. hxg3 Qe7 7. c3 Nc6 8.
Nbd2 e5 9. dxe5 Nxe5 10. Nxe5 Qxe5 11. Nf3 Qd6 12. Qd4 Qb6 13. Qe5+ Be6 14.
O-O-O O-O-O 15. Nd4 Rhe8 16. Nxe6 Rxe6 17. Qf5 Kb8 18. Rh4 Qa5 19. Kb1 c5 20.
Qc2 c4 21. Rhd4 Rc8 22. g4 Ra6 23. a3 Rc5 24. g5 Ne8 25. e4 Rb5 26. Kc1 Rxb2
27. Qxb2 Rb6 28. Rxd5 Qa4 29. Qa2 Rb3 30. Rd8+ Kc7 31. R1d7+ Kb6 32. Rc8 Rxc3+
33. Kd2 Qxd7+ 34. Kxc3 Qxc8 35. Qxc4 Qc5 36. Qxc5+ Kxc5 37. Bc4 Nd6 38. Bd5
Nb5+ 39. Kd3 Nxa3 40. Bxf7 Nb5 41. e5 a5 42. f4 Nd4 43. g4 Nc6 44. Ke4 a4 45.
f5 a3 46. f6 gxf6 47. gxf6 Nd8 48. Ba2 b5 49. f7 Nxf7 50. Bxf7 b4 51. Bb3 Kc6
52. Kf5 1-0

[Event "SVM_Verbandsliga_Süd_2023-24"]
[Site "?"]
[Date "2023.11.05"]
[Round "3.5"]
[White "Otto, Wolfgang"]
[Black "Weber, Olaf"]
[Result "1/2-1/2"]
[WhiteElo "1868"]
[BlackElo "1837"]
[PlyCount "102"]
[EventDate "2023.11.05"]
[WhiteTeam "Godesberger SK 3"]
[BlackTeam "SF Lohmar 1"]

1. d4 f5 2. g3 Nf6 3. Bg2 g6 4. c3 Bg7 5. Qb3 c6 6. Bf4 d6 7. Nf3 Qb6 8. Nbd2
Qxb3 9. axb3 O-O 10. h4 Na6 11. O-O Bd7 12. Ne1 Nc7 13. Nd3 Ne6 14. Nc4 Nxf4
15. Nxf4 Ne4 16. Rfd1 d5 17. Ne5 Bxe5 18. dxe5 Nc5 19. b4 Ne6 20. c4 Nxf4 21.
gxf4 e6 22. Ra3 b5 23. c5 Bc8 24. Kh2 Bb7 25. Rg1 Rf7 26. h5 Rg7 27. Bf3 a6 28.
Rg3 Kf7 29. Ra1 Rh8 30. Rag1 Ra8 31. Ra1 Rh8 32. Kh3 Ra8 33. Kh4 Rh8 34. e3 Rd8
35. Rd1 Ra8 36. Rgg1 Rh8 37. Be2 Ra8 38. Ra1 Rd8 39. Rgd1 Ra8 40. hxg6+ hxg6
41. Kg5 Rh8 42. Rh1 Rgh7 43. Bf3 Rxh1 44. Rxh1 Rxh1 45. Bxh1 Kg7 46. Bf3 Bc8
47. Be2 Bd7 48. Bd3 Bc8 49. f3 Bd7 50. e4 Bc8 51. Bc2 Bd7 1/2-1/2

[Event "SVM_Verbandsliga_Süd_2023-24"]
[Site "?"]
[Date "2023.11.05"]
[Round "3.6"]
[White "Rokitta, Uwe"]
[Black "Schniggenberg, Gerd"]
[Result "0-1"]
[WhiteElo "1708"]
[BlackElo "1848"]
[PlyCount "72"]
[EventDate "2023.11.05"]
[WhiteTeam "SF Lohmar 1"]
[BlackTeam "Godesberger SK 3"]

1. e4 e6 2. d4 d5 3. Nd2 Nf6 4. e5 Nfd7 5. Bd3 c5 6. c3 Nc6 7. Ngf3 Qb6 8. O-O
f6 9. Ng5 fxg5 10. Qh5+ Kd8 11. Nf3 Kc7 12. Nxg5 Nd8 13. Be3 c4 14. Bxh7 Nb8
15. b3 Qc6 16. Qg4 Bd7 17. f4 Na6 18. f5 Rc8 19. bxc4 dxc4 20. d5 Qxd5 21. Rfd1
Qc6 22. f6 gxf6 23. Be4 Qa4 24. exf6 Kb8 25. Rab1 Bc5 26. Qf4+ Ka8 27. Bd4 Bc6
28. Kh1 Bxe4 29. Qxe4 Bxd4 30. Rxd4 Qc6 31. Qf3 e5 32. Rd5 Nc5 33. Qd1 Qxf6 34.
Nf3 Nd3 35. Rxd3 cxd3 36. Qxd3 Nc6 0-1

[Event "SVM_Verbandsliga_Süd_2023-24"]
[Site "?"]
[Date "2023.11.05"]
[Round "3.7"]
[White "Eisentraut, Dieter"]
[Black "Humbek, Olav"]
[Result "1-0"]
[WhiteElo "1699"]
[BlackElo "1726"]
[PlyCount "83"]
[EventDate "2023.11.05"]
[WhiteTeam "Godesberger SK 3"]
[BlackTeam "SF Lohmar 1"]

1. Nf3 d5 2. e3 Nf6 3. c4 c6 4. Nc3 a6 5. Qc2 Nbd7 6. b3 e5 7. Bb2 Bd6 8. Ne2
e4 9. Nfg1 Ne5 10. Ng3 O-O 11. f4 exf3 12. Nxf3 Qe7 13. Nf5 Bxf5 14. Qxf5 Qd7
15. Qxd7 Nexd7 16. Be2 b5 17. O-O Rfe8 18. Rac1 dxc4 19. bxc4 b4 20. Rc2 a5 21.
Nd4 Ne5 22. Nf5 Bc7 23. c5 Nd5 24. Nd6 Bxd6 25. cxd6 b3 26. axb3 Nb4 27. Rcc1
f6 28. Ba3 Red8 29. d4 Nf7 30. Bxb4 axb4 31. Rxc6 Rxd6 32. Rfc1 Rb8 33. Rc8+
Rd8 34. Rxd8+ Nxd8 35. Rc7 Kf8 36. Bc4 Rb6 37. Kf2 Rd6 38. Ke2 h5 39. Kd3 g5
40. g3 h4 41. gxh4 gxh4 42. Rh7 1-0

[Event "SVM_Verbandsliga_Süd_2023-24"]
[Site "?"]
[Date "2023.11.05"]
[Round "3.8"]
[White "Meißner, Wolf-Dieter"]
[Black "Lammerich, Guido"]
[Result "1-0"]
[WhiteElo "1826"]
[BlackElo "1498"]
[PlyCount "48"]
[EventDate "2023.11.05"]
[WhiteTeam "SF Lohmar 1"]
[BlackTeam "Godesberger SK 3"]

1. e4 c5 2. Nc3 e6 3. g3 Nc6 4. Bg2 d6 5. d3 Nf6 6. Nge2 Rb8 7. O-O Be7 8. h3
a6 9. f4 Nd7 10. f5 exf5 11. exf5 Bg5 12. Nf4 Nde5 13. Be4 Ne7 14. Qh5 Bxf4 15.
Bxf4 g6 16. fxg6 fxg6 17. Qh4 Qb6 18. Qxe7+ Kxe7 19. Nd5+ Ke8 20. Nxb6 Bxh3 21.
Bxe5 dxe5 22. Rf6 Rg8 23. Kh2 Bg4 24. Raf1 Bf5 1-0

[Event "SVM_Verbandsliga_Süd_2023-24"]
[Site "?"]
[Date "2023.11.05"]
[Round "3.1"]
[White "Niesel, Tobias"]
[Black "Zavgorodniy, Sergiy"]
[Result "1/2-1/2"]
[WhiteElo "1967"]
[BlackElo "2403"]
[PlyCount "111"]
[EventDate "2023.11.05"]
[WhiteTeam "SG Porz 5"]
[BlackTeam "SC Siegburg 2"]

1. c4 e5 2. g3 Nf6 3. Bg2 c6 4. d4 exd4 5. Qxd4 d5 6. cxd5 cxd5 7. Nf3 Nc6 8.
Qa4 Be7 9. O-O O-O 10. Nc3 Qb6 11. Qb5 Be6 12. Be3 Qxb5 13. Nxb5 Rfc8 14. Rfd1
Nb4 15. Nfd4 Nc2 16. Nxa7 Rc4 17. Nxc2 Rxc2 18. Nb5 Rxb2 19. Nc3 b5 20. Bd4 Rc2
21. Nxb5 Ne4 22. a4 Bd7 23. Bb6 Bf6 24. Nd4 Rb2 25. Bxe4 dxe4 26. a5 h5 27.
Rab1 Rxb1 28. Rxb1 Bxd4 29. Bxd4 Rxa5 30. f3 Ra4 31. Bc5 Ra2 32. Re1 exf3 33.
exf3 Bc6 34. Re3 g5 35. h3 Ra1+ 36. Kg2 g4 37. hxg4 hxg4 38. Re5 gxf3+ 39. Kf2
Ra2+ 40. Ke1 Kh7 41. Bd4 Kg6 42. Kf1 Bb7 43. Bf2 f5 44. Re1 Be4 45. Rd1 Kh5 46.
Rc1 Kg4 47. Kg1 Kh3 48. Rd1 Ra6 49. Re1 Re6 50. Rd1 Rc6 51. Re1 Bd3 52. Re8 Be4
53. Rh8+ Kg4 54. Rh4+ Kg5 55. Be3+ Kg6 56. Rh6+ 1/2-1/2

[Event "SVM_Verbandsliga_Süd_2023-24"]
[Site "?"]
[Date "2023.11.05"]
[Round "3.2"]
[White "Dzierzenga, Stefan"]
[Black "Brungs, Sven"]
[Result "1-0"]
[WhiteElo "2105"]
[BlackElo "1868"]
[PlyCount "83"]
[EventDate "2023.11.05"]
[WhiteTeam "SC Siegburg 2"]
[BlackTeam "SG Porz 5"]

1. e4 e6 2. Nf3 d5 3. e5 c5 4. b4 cxb4 5. d4 Nc6 6. a3 bxa3 7. c3 f6 8. Bd3 f5
9. O-O h6 10. Bxa3 Bxa3 11. Nxa3 g5 12. Nb5 g4 13. Ne1 h5 14. f3 Nh6 15. Nd6+
Kf8 16. fxg4 hxg4 17. g3 Kg7 18. Ng2 Ne7 19. Ra2 Ng6 20. Nf4 Nxf4 21. Rxf4 Qc7
22. h3 gxh3 23. g4 Qe7 24. Raf2 Qg5 25. Be2 Nf7 26. Nxf7 Kxf7 27. Kh2 Bd7 28.
gxf5 exf5 29. Bg4 Ke7 30. Bxf5 Rag8 31. Rg4 Qe3 32. Rf3 Rxg4 33. Rxe3 Rg2+ 34.
Kh1 Bxf5 35. Qb3 h2 36. Qxb7+ Bd7 37. Qb4+ Kd8 38. Qb8+ Bc8 39. Qd6+ Ke8 40.
Qc6+ Kf8 41. Qxc8+ Kg7 42. Qxh8+ 1-0

[Event "SVM_Verbandsliga_Süd_2023-24"]
[Site "?"]
[Date "2023.11.05"]
[Round "3.3"]
[White "Marcziter, Alex"]
[Black "Albrecht, Oliver"]
[Result "0-1"]
[WhiteElo "1853"]
[BlackElo "2142"]
[PlyCount "112"]
[EventDate "2023.11.05"]
[WhiteTeam "SG Porz 5"]
[BlackTeam "SC Siegburg 2"]

1. e4 c5 2. Nc3 (2. c3 e6 3. g3 Nc6 4. Bg2 g6 5. d3 Bg7 6. f4 Nge7 7. Nf3 b6 8.
O-O Bb7 9. Be3 d5 10. Bf2 dxe4 11. dxe4) 2... e6 3. g3 Nc6 4. Bg2 g6 5. d3 Bg7
6. f4 Nge7 7. Nf3 b6 8. O-O Bb7 9. Be3 d5 10. Bf2 dxe4 11. dxe4 Bxc3 12. bxc3
Qxd1 13. Rfxd1 Rd8 14. Rxd8+ Kxd8 15. Ng5 Ke8 16. Rd1 h6 17. Nf3 Nc8 18. e5 Ke7
19. Be3 Rd8 20. Rxd8 Nxd8 21. Nd2 Bxg2 22. Kxg2 Kd7 23. Kf3 Kc6 24. c4 Nb7 25.
a4 Na5 26. Ke4 Kb7 27. c3 Ka6 28. Kd3 Nc6 29. Nb3 h5 30. h3 N8e7 31. g4 hxg4
32. hxg4 Ng8 33. Ke4 Na5 34. Nd2 Kb7 35. Bf2 Nh6 36. Kf3 Kc6 37. Bh4 Kd7 38.
Ne4 Ng8 39. Nd6 f5 40. exf6 Nxf6 41. Nb5 Ne8 42. Nxa7 Nxc4 43. Bf2 Ned6 44. Nb5
Nxb5 45. axb5 Nd6 46. Be1 Nxb5 47. Ke4 Kd6 48. Bd2 Na3 49. Be1 Nc4 50. f5 exf5+
51. gxf5 gxf5+ 52. Kxf5 Kd5 53. Kf4 Na3 54. Bf2 Nb1 55. Ke3 Kc4 56. Ke4 Nxc3+
0-1

[Event "SVM_Verbandsliga_Süd_2023-24"]
[Site "?"]
[Date "2023.11.05"]
[Round "3.4"]
[White "Kolkin, Michail"]
[Black "Burlutskaia, Maria"]
[Result "1-0"]
[WhiteElo "2320"]
[BlackElo "1837"]
[PlyCount "59"]
[EventDate "2023.11.05"]
[WhiteTeam "SC Siegburg 2"]
[BlackTeam "SG Porz 5"]

1. Nf3 Nf6 2. g3 g6 3. b3 Bg7 4. Bb2 O-O 5. Bg2 d6 6. d4 Re8 7. O-O Bg4 8. h3
Bc8 9. Nbd2 Nc6 10. e4 e5 11. Re1 Nh5 12. Nc4 Qf6 13. dxe5 dxe5 14. Ne3 Be6 15.
Nd5 Qd8 16. Qd2 Qd7 17. Rad1 Rad8 18. Qc1 Qc8 19. Kh2 Bd7 20. c4 Kh8 21. Bc3
Nf6 22. Qb2 Ng8 23. b4 f6 24. b5 Nce7 25. Nxe5 Be6 26. Nf3 Nxd5 27. cxd5 Bf7
28. e5 fxe5 29. Nxe5 Qf5 30. Ng4 1-0

[Event "SVM_Verbandsliga_Süd_2023-24"]
[Site "?"]
[Date "2023.11.05"]
[Round "3.5"]
[White "Fischermann, Simon"]
[Black "Breest, Axel"]
[Result "1-0"]
[WhiteElo "1723"]
[BlackElo "1894"]
[PlyCount "91"]
[EventDate "2023.11.05"]
[WhiteTeam "SG Porz 5"]
[BlackTeam "SC Siegburg 2"]

1. e4 d5 2. exd5 c6 3. dxc6 Nxc6 4. Nf3 e5 5. d3 Bd6 6. Nc3 f5 7. Be2 Nf6 8.
Bg5 O-O 9. Qd2 a6 10. O-O-O b5 11. Bxf6 Qxf6 12. d4 e4 13. Ng1 Be6 14. d5 b4
15. Na4 b3 16. axb3 Bb4 17. Qe3 Rfd8 18. dxe6 Rxd1+ 19. Bxd1 Rd8 20. c3 Rd3 21.
Qe1 Qg5+ 22. Kb1 Qd8 23. Bc2 Rd2 24. Ne2 g5 25. Nd4 Rxd4 26. cxb4 Nxb4 27. Qc3
Nxc2 28. Qxc2 Rd6 29. Qc4 Qe7 30. Qc8+ Kg7 31. Qc3+ Kg8 32. Nc5 Rc6 33. Rc1 h6
34. Qe5 f4 35. Qf5 e3 36. fxe3 fxe3 37. Qf7+ Qxf7 38. exf7+ Kxf7 39. Nd3 Re6
40. Re1 Kg6 41. Kc2 Kf5 42. Kd1 Re7 43. Ke2 Ke4 44. Rc1 Kd4 45. Rc4+ Kd5 46.
Nb4+ 1-0

[Event "SVM_Verbandsliga_Süd_2023-24"]
[Site "?"]
[Date "2023.11.05"]
[Round "3.6"]
[White "Steffens, Klaus"]
[Black "Swoboda, Sascha"]
[Result "1/2-1/2"]
[WhiteElo "1862"]
[BlackElo "1669"]
[PlyCount "23"]
[EventDate "2023.11.05"]
[WhiteTeam "SC Siegburg 2"]
[BlackTeam "SG Porz 5"]

1. Nf3 Nf6 2. d4 g6 3. Bf4 Bg7 4. e3 O-O 5. Nbd2 d6 6. Bd3 Nbd7 7. O-O Re8 8.
e4 e5 9. dxe5 Nxe5 10. Bxe5 dxe5 11. Nc4 Nh5 12. g3 1/2-1/2

[Event "SVM_Verbandsliga_Süd_2023-24"]
[Site "?"]
[Date "2023.11.05"]
[Round "3.7"]
[White "Fieberg, Christoph"]
[Black "Gaßmann, Peter"]
[Result "0-1"]
[WhiteElo "1736"]
[BlackElo "1747"]
[PlyCount "50"]
[EventDate "2023.11.05"]
[WhiteTeam "SG Porz 5"]
[BlackTeam "SC Siegburg 2"]

1. e4 g6 2. d4 Bg7 3. Be2 d6 4. Nf3 Nf6 5. Nc3 O-O 6. O-O Bg4 7. Re1 Bxf3 8.
Bxf3 e5 9. dxe5 dxe5 10. Be3 Nc6 11. Qe2 Nd4 12. Bxd4 exd4 13. Rad1 Qe7 14.
Rxd4 c6 15. e5 Nd7 16. Re4 Nc5 17. Rd4 Nd7 18. Bg4 Nxe5 19. Rd7 Qb4 20. Ne4
Nxd7 21. c3 Qe7 22. Qd2 Nf6 23. Ng5 Qc5 24. b4 Qd5 25. Qc1 Nxg4 0-1

[Event "SVM_Verbandsliga_Süd_2023-24"]
[Site "?"]
[Date "2023.11.05"]
[Round "3.8"]
[White "Grunewald, Willi"]
[Black "Jakobs, Andre"]
[Result "1-0"]
[WhiteElo "1842"]
[BlackElo "1727"]
[PlyCount "135"]
[EventDate "2023.11.05"]
[WhiteTeam "SC Siegburg 2"]
[BlackTeam "SG Porz 5"]

1. d4 e6 2. Nf3 f5 3. Bf4 Nf6 4. e3 d5 5. Nbd2 Be7 6. Ne5 O-O 7. Bd3 Nbd7 8.
Ndf3 Ne4 9. Nxd7 Bxd7 10. Ne5 Be8 11. f3 Nf6 12. Qe2 c5 13. c3 Rc8 14. O-O Nh5
15. Rad1 Bg5 16. Bxg5 Qxg5 17. f4 Qe7 18. Rf3 Nf6 19. Rh3 h5 20. Rg3 Ng4 21. h3
Nxe5 22. dxe5 a6 23. Rg5 d4 24. cxd4 cxd4 25. e4 Qc5 26. Kh2 Bb5 27. exf5 Rxf5
28. Qxh5 Bxd3 29. Rxd3 Rxg5 30. Qxg5 Rf8 31. Rg3 Rf7 32. Qg6 Qc1 33. f5 exf5
34. e6 Re7 35. Qxf5 Qe1 36. Rd3 Qxe6 37. Qxe6+ Rxe6 38. Rxd4 Re7 39. Rd6 Rc7
40. Rb6 Kf7 41. h4 g6 42. Kg3 Rd7 43. Kf4 Rd4+ 44. Ke5 Rd7 45. g4 Rc7 46. a3
Rd7 47. h5 gxh5 48. gxh5 Kg7 49. Ke6 Rc7 50. Kd6 Rf7 51. Kc5 Rf5+ 52. Kd6 Rf7
53. Kc5 Rf5+ 54. Kb4 Rf4+ 55. Ka5 Rf5+ 56. Ka4 Rf4+ 57. b4 Rf7 58. Ka5 Re7 59.
a4 Rf7 60. b5 axb5 61. axb5 Re7 62. Rd6 Rf7 63. Kb6 Kh7 64. Ka7 Re7 65. b6 Rf7
66. Rd8 Kh6 67. Rh8+ Kg7 68. Rb8 1-0

[Event "SVM_Verbandsliga_Süd_2023-24"]
[Site "?"]
[Date "2023.11.05"]
[Round "3.1"]
[White "Voß, Bela"]
[Black "Bachem, Oliver"]
[Result "0-1"]
[WhiteElo "1861"]
[BlackElo "2101"]
[PlyCount "98"]
[EventDate "2023.11.05"]
[WhiteTeam "TuS Strempt 1"]
[BlackTeam "TTC GW Fritzdorf 1"]

1. e4 e6 2. d4 d5 3. Nd2 dxe4 4. Nxe4 Nd7 5. c4 Ngf6 6. Nc3 Bb4 7. Qc2 b6 8.
Nf3 Bb7 9. Be2 c5 10. O-O Bxc3 11. bxc3 Qc7 12. Rd1 Rc8 13. a4 cxd4 14. Nxd4 a6
15. a5 bxa5 16. Qa4 O-O 17. Qxa5 Rfd8 18. Qg5 Ne4 19. Qh4 Ndf6 20. Rd3 e5 21.
Nf5 Rxd3 22. Bxd3 Qd7 23. Qh3 Rd8 24. Bf1 Bc8 25. Ne3 Qb7 26. Qh4 Nxc3 27. Nd5
Ncxd5 28. cxd5 Qxd5 29. Bg5 Rd6 30. Qb4 h6 31. Qb8 {(=)} Rd8 32. Bxf6 gxf6 33.
Qc7 Qd6 34. Qc1 f5 35. h3 f4 36. Qc3 f6 37. Be2 Kh8 38. Qf3 Rg8 39. Qh5 f5 40.
Bc4 Qg6 41. Qxg6 Rxg6 42. Ra5 Rc6 43. Be2 e4 44. Re5 Kg7 45. Re7+ Kf6 46. Rh7
Ke5 47. Bh5 a5 48. Ra7 Ra6 49. Rc7 Be6 0-1